[Event "Istanbul Open 2018"]
[Site "Istanbul"]
[Date "2018.09.07"]
[Round "8"]
[White "Oztekin, Kerem Can"]
[Black "Kelpetin, Umut Can"]
[Result "1/2-1/2"]
[WhiteElo "1943"]
[BlackElo "1798"]
[Annotator "NA RC"]
[PlyCount "77"]
[EventDate "2018.09.02"]
[EventType "swiss"]
[EventCountry "TUR"]
[SourceTitle "playchess.com"]
[Source "ChessBase"]
[SourceQuality "1"]
[TimeControl "5400+30"]

1. e4 {[%emt 0:01:30]} c5 {[%emt 0:00:30]} 2. Nf3 {[%emt 0:00:30]} d6 {[%emt 0:00:30]} 3. d4 {[%emt 0:00:30]} cxd4 {[%emt 0:00:30]} 4. Nxd4 {[%emt 0:00:00]} Nf6 {[%emt 0:00:00]} 5. Nc3 {[%emt 0:00:00]} a6 {[%emt 0:00:00]} 6. g3 {[%emt 0:00:30]} e5 {[%emt 0:00:30]} 7. Nde2 {[%emt 0:00:30]} Be6 {[%emt 0:00:30]} 8. Bg2 {[%emt 0:00:00]} Be7 {[%emt 0:01:30]} 9. a4 {[%emt 0:04:00]} O-O {[%emt 0:00:30]} 10. O-O {[%emt 0:00:00]} Qc7 {[%emt 0:01:30]} 11. h3 $11 {[%emt 0:02:00]} h6 12. g4 Kh7 13. Ng3 g6 14. f4 exf4 15. Bxf4 Nbd7 16. Kh1 Rac8 17. g5 hxg5 18. Bxg5 Kg7 19. Qd2 Rh8 20. h4 Qa5 21. Kg1 Qb6+ 22. Be3 Qb4 23. h5 Nxh5 24. Bd4+ Ne5 25. Nf5+ gxf5 26. exf5 {[%emt 1:38:47]} Bc4 {[%emt 1:38:22]} 27. f6+ {[%emt 0:00:30]} Nxf6 {[%emt 0:00:30]} 28. Qg5+ {[%emt 0:00:31]} Kf8 {[%emt 0:00:30]} 29. Rxf6 {[%emt 0:00:30]} Bxf6 {[%emt 0:00:30]} 30. Qxf6 {[%emt 0:00:30]} Rg8 {[%emt 0:00:30]} 31. Rd1 {[%emt 0:00:30]} Re8 {[%emt 0:00:30]} 32. Qh6+ {[%emt 0:01:24]} Ke7 {[%emt 0:01:43]} 33. Bxe5 {[%emt 0:00:30]} dxe5 {[%emt 0:01:34]} 34. Qh4+ {[%emt 0:00:09]} Kf8 {[%emt 0:00:28]} 35. Qh6+ {[%emt 0:00:49]} Rg7 {[%emt 0:01:34]} 36. Qh8+ {[%emt 0:00:20]} Rg8 {[%emt 0:00:07]} 37. Qh6+ {[%emt 0:00:09]} Rg7 {[%emt 0:00:02]} 38. Qh8+ {[%emt 0:02:45]} Rg8 {[%emt 0:00:08]} 39. Qh4 {[%emt 0:00:47]} 1/2-1/2

[Event "Istanbul Open 2018"]
[Site "Istanbul"]
[Date "2018.09.07"]
[Round "8"]
[White "Ozveren, Ali Bulent"]
[Black "Bagaturov, Giorgi"]
[Result "0-1"]
[WhiteElo "1849"]
[BlackElo "2396"]
[Annotator "ChessBase"]
[PlyCount "46"]
[EventDate "2018.09.02"]
[EventType "swiss"]
[EventCountry "TUR"]
[SourceTitle "playchess.com"]
[Source "ChessBase"]
[SourceQuality "1"]
[TimeControl "5400+30"]

1. d4 Nf6 2. Nf3 c5 3. c3 b6 4. Bf4 g6 5. e3 Bg7 6. Be2 O-O 7. O-O d6 8. h3 Bb7 9. Nbd2 Nbd7 10. Bh2 Qc7 11. a4 a6 12. b4 a5 13. bxc5 bxc5 14. Qc2 cxd4 15. Nxd4 Rfc8 16. Rfc1 Nd5 17. Ra3 {[%emt 1:19:15]} Qd8 {[%emt 1:01:30]} 18. Nc4 {[%emt 0:00:30]} Ba6 {[%emt 0:03:30]} 19. Nb5 {[%emt 0:00:33]} Nxc3 {[%emt 0:11:30]} 20. Nxc3 {[%emt 0:08:45]} Bxc4 {[%emt 0:00:30]} 21. Bf3 {[%emt 0:01:59]} Rab8 {[%emt 0:00:30]} 22. Qd2 {[%emt 0:01:49]} Nc5 {[%emt 0:05:48]} 23. Nd1 {[%emt 0:00:51]} Nb3 {[%emt 0:00:31]} 0-1

[Event "Istanbul Open 2018"]
[Site "Istanbul"]
[Date "2018.09.07"]
[Round "8"]
[White "Gonullu, Muhammed Sinan"]
[Black "Emir, Emirhan"]
[Result "0-1"]
[WhiteElo "1816"]
[BlackElo "1852"]
[Annotator "NA"]
[PlyCount "105"]
[EventDate "2018.09.02"]
[EventType "swiss"]
[EventCountry "TUR"]
[SourceTitle "playchess.com"]
[Source "ChessBase"]
[SourceQuality "1"]
[TimeControl "5400+30"]

1. d4 {[%emt 0:00:30]} e6 {[%emt 0:00:30]} 2. e4 {[%emt 0:00:30]} d5 {[%emt 0:00:00]} 3. Nd2 {[%emt 0:00:30]} c5 {[%emt 0:00:00]} 4. exd5 {[%emt 0:00:00]} Qxd5 {[%emt 0:00:00]} 5. Ngf3 {[%emt 0:00:00]} cxd4 {[%emt 0:00:00]} 6. Bc4 {[%emt 0:00:30]} Qd7 {[%emt 0:00:30]} 7. O-O {[%emt 0:00:30]} Nc6 {[%emt 0:00:00]} 8. Nb3 {[%emt 0:00:30]} Nf6 {[%emt 0:00:00]} 9. Nfxd4 {[%emt 0:00:30]} Nxd4 {[%emt 0:00:30]} 10. Qxd4 {[%emt 0:00:30]} Qxd4 {[%emt 0:00:30]} 11. Nxd4 {[%emt 0:00:30]} Bc5 {[%emt 0:00:00]} 12. Nb3 {[%emt 0:00:30]} Bb6 {[%emt 0:01:00]} 13. a4 {[%emt 0:02:30]} a6 {[%emt 0:00:30]} 14. Bg5 {[%emt 0:00:30]} Bd7 {[%emt 0:01:30]} 15. Bd3 {[%emt 0:00:30]} Bc6 {[%emt 0:00:30]} 16. Rfe1 {[%emt 0:01:30]} h6 {[%emt 0:06:30]} 17. Bxf6 {[%emt 0:00:30]} gxf6 {[%emt 0:00:00]} 18. Be4 {[%emt 0:00:00]} Rc8 {[%emt 0:01:00]} 19. Bxc6+ {[%emt 0:01:00]} Rxc6 {[%emt 0:00:30]} 20. c3 {[%emt 0:00:00]} Ke7 {[%emt 0:01:30]} 21. Red1 {[%emt 0:00:00]} f5 {[%emt 0:00:30]} 22. Rd3 {[%emt 0:01:30]} Rd8 {[%emt 0:04:30]} 23. Rxd8 {[%emt 0:00:30]} Bxd8 {[%emt 0:00:30]} 24. Nd4 {[%emt 0:00:30]} Rc4 {[%emt 0:00:30]} 25. Kf1 {[%emt 0:00:00]} Bb6 {[%emt 0:02:30]} 26. Ne2 {[%emt 0:01:00]} e5 {[%emt 0:02:30]} 27. b3 {[%emt 0:00:00]} Rc8 {[%emt 0:00:30]} 28. Rd1 {[%emt 0:02:00]} Ke6 {[%emt 0:01:30]} 29. Ke1 {[%emt 0:05:30]} f4 {[%emt 0:00:30]} 30. Rd3 {[%emt 0:01:30]} Rg8 {[%emt 0:03:30]} 31. Kf1 {[%emt 0:00:30]} Rd8 {[%emt 0:03:30]} 32. Rxd8 {[%emt 0:00:30]} Bxd8 {[%emt 0:02:30]} 33. Ke1 {[%emt 0:00:30]} Bb6 {[%emt 0:00:30]} 34. Nc1 {[%emt 0:00:30]} e4 {[%emt 0:01:30]} 35. Ke2 {[%emt 0:00:30]} h5 {[%emt 0:00:30]} 36. f3 {[%emt 0:00:30]} f5 {[%emt 0:00:30]} 37. Na2 {[%emt 0:00:30]} a5 {[%emt 0:01:30]} 38. Kf1 {[%emt 0:01:30]} Be3 {[%emt 0:01:30]} 39. Ke2 {[%emt 0:00:30]} Bg1 {[%emt 0:00:30]} 40. h3 {[%emt 0:00:30]} Kf6 {[%emt 0:02:30]} 41. Kf1 {[%emt 0:00:00]} Be3 {[%emt 0:01:30]} 42. c4 {[%emt 0:03:00]} Bd2 {[%emt 0:01:30]} 43. Ke2 {[%emt 0:00:30]} e3 {[%emt 0:00:30]} 44. h4 {[%emt 0:00:30]} Ke5 {[%emt 0:00:30]} 45. Kd3 {[%emt 0:04:30]} b6 {[%emt 0:00:30]} 46. Nc3 {[%emt 0:00:30]} Bxc3 {[%emt 0:00:30]} 47. Kxc3 {[%emt 0:00:30]} e2 {[%emt 0:01:30]} 48. Kd2 {[%emt 0:00:00]} Kd4 {[%emt 0:00:00]} 49. Kxe2 {[%emt 0:00:00]} Kc3 {[%emt 0:00:00]} 50. b4 {[%emt 0:01:30]} Kxb4 {[%emt 0:02:30]} 51. Kd3 {[%emt 0:00:00]} Kxa4 {[%emt 0:00:30]} 52. Kc3 {[%emt 0:00:00]} Ka3 {[%emt 0:00:00]} 53. Kd4 {[%emt 0:00:30]} 0-1

[Event "Istanbul Open 2018"]
[Site "Istanbul"]
[Date "2018.09.07"]
[Round "8"]
[White "Kavacik, Ahmet"]
[Black "Mehrinejad, Mansour"]
[Result "1-0"]
[WhiteElo "1800"]
[BlackElo "1839"]
[Annotator "NA RC"]
[PlyCount "118"]
[EventDate "2018.09.02"]
[EventType "swiss"]
[EventCountry "TUR"]
[SourceTitle "playchess.com"]
[Source "ChessBase"]
[SourceQuality "1"]
[TimeControl "5400+30"]

1. c4 f5 2. Nc3 Nf6 3. d4 e6 4. Nf3 Be7 5. g3 O-O 6. Bg2 Ne4 7. Qc2 Nxc3 8. Qxc3 d6 9. O-O Nd7 10. Bf4 Nf6 11. Bg5 h6 12. Bxf6 Bxf6 13. Rad1 Qe7 14. Rfe1 e5 15. dxe5 dxe5 16. e4 fxe4 17. Nd2 Bg4 18. Rb1 Bf3 19. Nxe4 Bxg2 20. Kxg2 Rad8 21. Re2 Rd4 22. b3 Qd7 23. Rbe1 Kh8 24. Qe3 Kh7 25. h4 Qf5 26. Qc1 Be7 27. Qc2 Kh8 28. Re3 Qg4 29. Qe2 Qg6 30. Kh2 Bb4 31. Rd1 Rfd8 32. Red3 Qf5 33. Kg2 Qd7 34. Rxd4 exd4 35. Rd3 Be7 36. Qh5 {[%emt 1:37:41]} Kg8 {[%emt 1:37:03]} 37. Qg6 {[%emt 0:00:30]} c5 {[%emt 0:00:30]} 38. Nc3 {[%emt 0:00:30]} Qc6+ {[%emt 0:00:30]} 39. Qxc6 {[%emt 0:00:30]} bxc6 {[%emt 0:00:30]} 40. Ne4 {[%emt 0:00:30]} Kf7 {[%emt 0:00:30]} 41. f4 {[%emt 0:00:30]} Ke6 {[%emt 0:00:30]} 42. Kf3 {[%emt 0:00:30]} Kf5 {[%emt 0:00:30]} 43. g4+ {[%emt 0:00:30]} Ke6 {[%emt 0:00:30]} 44. Rd2 {[%emt 0:00:28]} a5 {[%emt 0:00:55]} 45. g5 {[%emt 0:01:43]} a4 {[%emt 0:01:41]} 46. Kg4 {[%emt 0:00:37]} hxg5 {[%emt 0:00:47]} 47. hxg5 {[%emt 0:00:07]} axb3 {[%emt 0:01:05]} 48. axb3 {[%emt 0:00:02]} Rb8 {[%emt 0:00:24]} 49. Rd3 {[%emt 0:00:11]} g6 {[%emt 0:00:51]} 50. Ng3 {[%emt 0:00:18]} Rf8 {[%emt 0:01:16]} 51. Rf3 {[%emt 0:00:01]} Rd8 {[%emt 0:00:46]} 52. f5+ {[%emt 0:00:40]} gxf5+ {[%emt 0:00:12]} 53. Nxf5 {[%emt 0:00:02]} Rf8 {[%emt 0:02:26]} 54. Rf1 {[%emt 0:04:54]} Kd7 {[%emt 0:01:15]} 55. Rh1 {[%emt 0:01:00]} Rg8 {[%emt 0:03:29]} 56. Rh7 {[%emt 0:00:37]} Re8 {[%emt 0:00:55]} 57. g6 {[%emt 0:00:34]} Kd8 {[%emt 0:00:38]} 58. Nxe7 {[%emt 0:01:20]} Rxe7 {[%emt 0:00:16]} 59. g7 {[%emt 0:00:02]} Kd7 {[%emt 0:01:20]} 1-0

[Event "Istanbul Open 2018"]
[Site "Istanbul"]
[Date "2018.09.07"]
[Round "8"]
[White "Sarikavak, Serdar Ihsan"]
[Black "Abishli, Oghuz"]
[Result "1/2-1/2"]
[WhiteElo "1798"]
[BlackElo "2099"]
[Annotator "NA RC"]
[PlyCount "89"]
[EventDate "2018.09.02"]
[EventType "swiss"]
[EventCountry "TUR"]
[SourceTitle "playchess.com"]
[Source "ChessBase"]
[SourceQuality "1"]
[TimeControl "5400+30"]

1. e4 {[%emt 0:00:30]} c5 {[%emt 0:00:30]} 2. Nf3 {[%emt 0:00:30]} g6 {[%emt 0:00:00]} 3. d4 {[%emt 0:00:00]} cxd4 {[%emt 0:00:00]} 4. Nxd4 {[%emt 0:00:00]} Bg7 {[%emt 0:00:30]} 5. c4 {[%emt 0:00:00]} b6 {[%emt 0:00:30]} 6. Nc3 {[%emt 0:01:00]} Bb7 {[%emt 0:00:00]} 7. Be3 {[%emt 0:01:30] A40: Unusual replies to 1 d4} (7. Be2 Nc6 8. Be3 Nf6 9. O-O O-O 10. Qd2 Qb8 11. f3 Rd8 12. Rfd1 (12. f4 d6 13. Ndb5 Rd7 14. Rad1 Qf8 15. g4 Rdd8 16. g5 Nd7 17. f5 Be5 18. Nd5 Rac8 19. fxg6 hxg6 20. Rf3 Bh8 21. Rh3 Nde5 22. Qe1 {1-0 (22) Bogdanovich,S (2581)-Kislinsky,A (2489) Kiev 2015}) 12... e6 13. Nxc6 dxc6 14. Qxd8+ Qxd8 15. Rxd8+ Rxd8 16. a4 Nd7 17. a5 Rb8 18. Rd1 Bc8 19. axb6 axb6 20. Na4 {1-0 (44) Fridman,D (2668)-McShane,L (2713) Wolvega 2012}) 7... Nf6 {[%emt 0:00:00]} 8. f3 {[%emt 0:00:30]} O-O {[%emt 0:00:30]} 9. Qd2 {[%emt 0:02:30]} Nc6 {[%emt 0:00:30]} 10. Nxc6 $146 {[%emt 0:05:30]} dxc6 {[%emt 0:12:30]} 11. Be2 {[%emt 0:05:30]} Qc7 {[%emt 0:02:30]} 12. O-O-O {[%emt 0:03:30]} b5 {[%emt 0:17:30]} 13. Bh6 {[%emt 0:07:30]} b4 {[%emt 0:04:30]} 14. Bxg7 {[%emt 0:05:30]} Kxg7 {[%emt 0:04:30]} 15. Na4 {[%emt 0:02:30]} c5 {[%emt 0:01:30]} 16. Qe3 {[%emt 0:02:30]} Nd7 {[%emt 0:17:30]} 17. h4 {[%emt 0:11:30]} h6 {[%emt 0:07:30]} 18. Rd3 {[%emt 0:18:30] [#]} Nb6 $1 {[%emt 0:09:30]} 19. Nxb6 {[%emt 0:13:34]} axb6 {[%emt 0:00:22]} 20. Kb1 {[%emt 0:01:00]} Qe5 {[%emt 0:01:24]} 21. Bd1 {[%emt 0:06:10]} Rfd8 {[%emt 0:02:30]} 22. Bc2 {[%emt 1:39:43]} Rd4 {[%emt 1:38:24]} 23. Rhd1 {[%emt 0:00:30]} Rad8 {[%emt 0:00:30]} 24. Qe1 {[%emt 0:00:30]} Ba6 {[%emt 0:00:30]} 25. b3 {[%emt 0:00:30]} Rxd3 {[%emt 0:00:30]} 26. Bxd3 {[%emt 0:00:30]} Bb7 {[%emt 0:00:29]} 27. Bc2 {[%emt 0:00:47]} Rxd1+ $15 {[%emt 0:01:44]} 28. Qxd1 {[%emt 0:00:10]} Qd6 {[%emt 0:00:08]} 29. Qxd6 {[%emt 0:01:08]} exd6 {[%emt 0:00:03]} 30. Kc1 {[%emt 0:00:15]} g5 {[%emt 0:00:48]} 31. hxg5 {[%emt 0:00:50]} hxg5 {[%emt 0:00:04]} 32. Kd2 {[%emt 0:00:24]} Kf6 {[%emt 0:00:39]} 33. Ke3 {[%emt 0:00:28]} Ke5 {[%emt 0:00:08]} 34. g3 {[%emt 0:00:35]} f6 {[%emt 0:00:11]} 35. Bd3 {[%emt 0:00:28]} Bc6 {[%emt 0:01:04]} 36. Bf1 {[%emt 0:00:29]} g4 {[%emt 0:01:07]} 37. f4+ {[%emt 0:00:42]} Ke6 {[%emt 0:00:03]} 38. f5+ {[%emt 0:00:27]} Ke5 {[%emt 0:00:10]} 39. Bd3 {[%emt 0:00:27]} Bd7 {[%emt 0:00:04]} 40. Be2 {[%emt 0:00:25]} Bc6 {[%emt 0:00:05]} 41. Bd3 {[%emt 0:00:09]} Bb7 {[%emt 0:00:03]} 42. Bc2 {[%emt 0:00:25]} Ba6 {[%emt 0:01:08]} 43. Bd1 {[%emt 0:00:20]} Bb7 {[%emt 0:01:53]} 44. Bc2 {[%emt 0:00:05]} Ba6 {[%emt 0:00:05]} 45. Bd3 {[%emt 0:00:35]} 1/2-1/2

[Event "Istanbul Open 2018"]
[Site "Istanbul"]
[Date "2018.09.07"]
[Round "8"]
[White "Can, Ilhan"]
[Black "Ersoy, Emre"]
[Result "1-0"]
[WhiteElo "1771"]
[BlackElo "1557"]
[Annotator "NA"]
[PlyCount "79"]
[EventDate "2018.09.02"]
[EventType "swiss"]
[EventCountry "TUR"]
[SourceTitle "playchess.com"]
[Source "ChessBase"]
[SourceQuality "1"]
[TimeControl "5400+30"]

1. Nf3 e6 2. g3 Nf6 3. Bg2 b6 4. O-O Bb7 5. c4 c5 6. Nc3 a6 7. h3 Qc7 8. d3 Nc6 9. e4 d6 10. Be3 Be7 11. Rc1 O-O 12. Qd2 Nd7 13. d4 cxd4 14. Nxd4 Nxd4 15. Bxd4 Rac8 16. b3 Bf6 17. Be3 Rfd8 {[%emt 1:32:31]} 18. f3 {[%emt 0:45:00]} d5 {[%emt 0:00:30]} 19. exd5 {[%emt 0:00:30]} Qxg3 {[%emt 0:00:30]} 20. Ne4 {[%emt 0:00:30]} Qg6 {[%emt 0:00:30]} 21. Nd6 {[%emt 0:00:30]} Rc7 {[%emt 0:00:30]} 22. Nxb7 {[%emt 0:00:30]} Rxb7 {[%emt 0:00:30]} 23. dxe6 {[%emt 0:00:30]} fxe6 {[%emt 0:01:45]} 24. Qc2 {[%emt 0:06:30]} Qg3 {[%emt 0:01:45]} 25. Qf2 {[%emt 0:01:30]} Qb8 {[%emt 0:02:07]} 26. f4 {[%emt 0:00:30]} Rc7 {[%emt 0:00:31]} 27. f5 {[%emt 0:01:30]} e5 {[%emt 0:00:28]} 28. Bd5+ {[%emt 0:01:30]} Kh8 {[%emt 0:00:28]} 29. Rcd1 {[%emt 0:01:30]} Nc5 {[%emt 0:01:16]} 30. b4 {[%emt 0:00:30]} Na4 {[%emt 0:00:39]} 31. Qc2 {[%emt 0:03:30]} b5 {[%emt 0:00:14]} 32. c5 {[%emt 0:00:30]} Rcd7 {[%emt 0:00:33]} 33. Be6 {[%emt 0:00:30]} Rxd1 {[%emt 0:00:44]} 34. Rxd1 {[%emt 0:00:30]} Rxd1+ {[%emt 0:00:51]} 35. Qxd1 {[%emt 0:00:00]} e4 {[%emt 0:00:29]} 36. Qd6 {[%emt 0:00:00]} Be5 {[%emt 0:00:33]} 37. Qxb8+ {[%emt 0:00:30]} Bxb8 {[%emt 0:00:05]} 38. Bd4 {[%emt 0:00:00]} Bf4 {[%emt 0:00:57]} 39. f6 {[%emt 0:00:00]} Bh6 {[%emt 0:00:30]} 40. f7 {[%emt 0:00:30]} 1-0

[Event "Istanbul Open 2018"]
[Site "Istanbul"]
[Date "2018.09.07"]
[Round "8"]
[White "Sen, Irem"]
[Black "Gezici, Omer Ata"]
[Result "*"]
[WhiteElo "1670"]
[BlackElo "1736"]
[Annotator "NA RC"]
[PlyCount "54"]
[EventDate "2018.09.02"]
[EventType "swiss"]
[EventCountry "TUR"]
[SourceTitle "playchess.com"]
[Source "ChessBase"]
[SourceQuality "1"]
[TimeControl "5400+30"]

1. d4 {[%emt 0:00:30]} d5 {[%emt 0:00:30]} 2. Nf3 {[%emt 0:00:00]} Nf6 {[%emt 0:00:00]} 3. c4 {[%emt 0:00:00]} c6 {[%emt 0:00:00]} 4. Nbd2 {[%emt 0:00:30]} Bf5 {[%emt 0:00:30]} 5. Nh4 {[%emt 0:00:00]} Be4 {[%emt 0:00:30]} 6. f3 {[%emt 0:00:00]} Bg6 {[%emt 0:00:30]} 7. Qb3 {[%emt 0:01:30]} Qc7 {[%emt 0:00:30]} 8. g4 {[%emt 0:01:30]} e6 {[%emt 0:07:30]} 9. g5 {[%emt 0:02:30]} Nfd7 {[%emt 0:04:30]} 10. e4 {[%emt 0:02:30]} dxe4 {[%emt 0:04:30]} 11. Nxg6 {[%emt 0:00:30]} hxg6 {[%emt 0:00:30]} 12. Nxe4 {[%emt 0:00:30]} Na6 {[%emt 0:22:30]} 13. c5 {[%emt 0:07:30]} Naxc5 {[%emt 0:09:30]} 14. dxc5 {[%emt 0:03:30]} Nxc5 {[%emt 0:00:30]} 15. Nxc5 {[%emt 0:00:30]} Bxc5 {[%emt 0:00:00]} 16. Qc3 {[%emt 0:15:30]} Qb6 {[%emt 0:05:00]} 17. Bd2 {[%emt 0:02:30]} Bf2+ {[%emt 0:04:30]} 18. Kd1 {[%emt 0:02:30]} O-O-O {[%emt 0:00:30]} 19. Kc2 {[%emt 0:02:30]} Bg3 {[%emt 0:09:30]} 20. h3 {[%emt 0:10:30]} Rd7 {[%emt 0:07:30]} 21. Be3 {[%emt 0:04:30]} Qc7 {[%emt 0:01:30]} 22. Be2 {[%emt 0:01:30]} Be5 {[%emt 0:03:06]} 23. Qb4 {[%emt 0:06:30]} c5 {[%emt 0:01:35]} 24. Qe4 {[%emt 0:07:30]} Bd4 {[%emt 0:01:56]} 25. Rad1 {[%emt 0:02:30]} Qg3 {[%emt 0:01:34]} 26. Bxd4 {[%emt 0:04:49]} Rh4 {[%emt 0:01:39]} 27. Qe5 {[%emt 0:01:47]} Qg2 {[%emt 0:01:26]} *

[Event "Istanbul Open 2018"]
[Site "Istanbul"]
[Date "2018.09.07"]
[Round "8"]
[White "Mete, Burak"]
[Black "Acar, Cengiz Can"]
[Result "1/2-1/2"]
[WhiteElo "1648"]
[BlackElo "1755"]
[Annotator "NA"]
[PlyCount "51"]
[EventDate "2018.09.02"]
[EventType "swiss"]
[EventCountry "TUR"]
[SourceTitle "playchess.com"]
[Source "ChessBase"]
[SourceQuality "1"]
[TimeControl "5400+30"]

1. e4 d5 2. exd5 Qxd5 3. Nc3 Qd6 4. Nf3 c6 5. g3 Nf6 6. d4 Bg4 7. Bg2 e6 8. O-O Nbd7 9. a3 Qc7 10. Qd3 Bd6 11. Ne4 Nxe4 12. Qxe4 Nf6 13. Qe3 O-O 14. c4 c5 15. dxc5 Bxc5 16. Qb3 b6 17. Bf4 Bd6 {[%emt 1:14:30]} 18. Bxd6 {[%emt 1:04:00]} Qxd6 {[%emt 0:00:30]} 19. h3 {[%emt 0:00:30]} Bh5 {[%emt 0:00:30]} 20. g4 {[%emt 0:00:30]} Bg6 {[%emt 0:00:30]} 21. Rad1 {[%emt 0:00:30]} Qc5 {[%emt 0:00:30]} 22. Rfe1 {[%emt 0:00:30]} Be4 {[%emt 0:00:30]} 23. Qe3 {[%emt 0:01:30]} Qxe3 {[%emt 0:08:45]} 24. Rxe3 {[%emt 0:00:30]} h6 {[%emt 0:00:02]} 25. Ne5 {[%emt 0:03:30]} Bxg2 {[%emt 0:00:55]} 26. Kxg2 {[%emt 0:00:00]} 1/2-1/2

[Event "Istanbul Open 2018"]
[Site "Istanbul"]
[Date "2018.09.07"]
[Round "8"]
[White "Tahaoglu, Erkin"]
[Black "Kocer, Ahmet Doruk"]
[Result "0-1"]
[WhiteElo "1613"]
[BlackElo "1635"]
[Annotator "NA RC"]
[PlyCount "122"]
[EventDate "2018.09.02"]
[EventType "swiss"]
[EventCountry "TUR"]
[SourceTitle "playchess.com"]
[Source "ChessBase"]
[SourceQuality "1"]
[TimeControl "5400+30"]

1. d4 d5 2. Bf4 Nf6 3. e3 c5 4. Nd2 Nc6 5. c3 Qb6 6. Qb3 c4 7. Qc2 e6 8. Be2 Be7 9. Ngf3 Qa5 10. O-O b5 11. Ne5 Nxe5 12. dxe5 Nd7 13. e4 Nc5 14. b4 Qa4 15. Qb1 Nd7 16. exd5 exd5 17. Nf3 Nf8 18. Nd4 Ne6 19. Be3 Nxd4 20. Bxd4 Be6 21. Bd1 Qa3 22. f4 g6 23. Bc2 O-O-O 24. Qe1 Kb8 25. f5 gxf5 26. Bxf5 h5 27. Qe3 Rhg8 28. Qh3 Qb2 29. Bxe6 fxe6 30. Rab1 Qc2 31. Rbc1 Qg6 32. a4 bxa4 33. Ra1 Rd7 34. Rxa4 Bd8 35. Rfa1 Rgg7 36. R4a2 h4 {[%emt 1:46:42]} 37. b5 {[%emt 1:28:31]} Rb7 {[%emt 0:00:31]} 38. Qe3 {[%emt 0:00:30]} a5 {[%emt 0:00:30]} 39. b6 {[%emt 0:00:30]} Rg8 {[%emt 0:00:30]} 40. Rf2 {[%emt 0:00:30]} Rbg7 {[%emt 0:00:30]} 41. Qe2 {[%emt 0:00:30]} Kb7 {[%emt 0:00:30]} 42. Rxa5 {[%emt 0:00:30]} Qb1+ {[%emt 0:00:30]} 43. Qf1 {[%emt 0:00:30]} Qe4 {[%emt 0:00:30]} 44. Ra7+ {[%emt 0:00:30]} Kc6 {[%emt 0:00:24]} 45. Rxg7 {[%emt 0:01:22]} Rxg7 {[%emt 0:00:30]} 46. Qe2 {[%emt 0:01:16]} Qxe2 {[%emt 0:00:24]} 47. Rxe2 {[%emt 0:00:01]} Bxb6 {[%emt 0:00:00]} 48. Bxb6 {[%emt 0:01:00]} Kxb6 {[%emt 0:00:08]} 49. Rd2 {[%emt 0:01:25]} Rg5 {[%emt 0:01:01]} 50. Re2 {[%emt 0:00:41]} h3 {[%emt 0:00:15]} 51. g3 {[%emt 0:00:23]} Rf5 {[%emt 0:00:01]} 52. Re3 {[%emt 0:00:55]} Kc5 {[%emt 0:00:30]} 53. g4 {[%emt 0:00:25]} Rg5 {[%emt 0:00:01]} 54. Kf2 {[%emt 0:00:38]} Rxg4 {[%emt 0:00:08]} 55. Rxh3 {[%emt 0:00:13]} d4 {[%emt 0:00:50]} 56. Kf3 {[%emt 0:01:27]} d3 {[%emt 0:00:45]} 57. Rh8 {[%emt 0:00:48]} Rg7 {[%emt 0:00:25]} 58. Rd8 {[%emt 0:01:41]} Rh7 {[%emt 0:00:21]} 59. Kg3 {[%emt 0:00:51]} Rh5 {[%emt 0:00:20]} 60. h4 {[%emt 0:03:53]} Rxe5 {[%emt 0:00:10]} 61. Kg4 {[%emt 0:00:02]} Rd5 {[%emt 0:00:46]} 0-1

[Event "Istanbul Open 2018"]
[Site "Istanbul"]
[Date "2018.09.07"]
[Round "8"]
[White "Pektas, Gokdeniz"]
[Black "Ocakacan, Deniz"]
[Result "0-1"]
[WhiteElo "1602"]
[BlackElo "1650"]
[Annotator "NA"]
[PlyCount "76"]
[EventDate "2018.09.02"]
[EventType "swiss"]
[EventCountry "TUR"]
[SourceTitle "playchess.com"]
[Source "ChessBase"]
[SourceQuality "1"]
[TimeControl "5400+30"]

1. d4 Nf6 2. c4 g6 3. Nc3 d5 4. cxd5 Nxd5 5. e4 Nxc3 6. bxc3 Bg7 7. Bc4 c5 8. Be3 Nc6 9. Ne2 O-O 10. Rc1 Qc7 11. h4 Rd8 12. h5 Ne5 13. Bf4 b5 14. Bd5 Rb8 15. hxg6 hxg6 16. Bxe5 Bxe5 17. dxe5 e6 18. Qd2 exd5 19. Qh6 Qxe5 20. Qh7+ Kf8 21. Qh8+ Qxh8 22. Rxh8+ Ke7 23. Rxd8 Kxd8 24. Rd1 Bb7 {[%emt 1:22:28]} 25. Nf4 {[%emt 0:53:30]} Kd7 {[%emt 0:00:30]} 26. Nxd5 {[%emt 0:00:30]} Bxd5 {[%emt 0:00:30]} 27. Rxd5+ {[%emt 0:00:30]} Kc6 {[%emt 0:00:30]} 28. Re5 {[%emt 0:00:30]} Rb7 {[%emt 0:00:30]} 29. Kd2 {[%emt 0:00:30]} c4 {[%emt 0:00:30]} 30. f4 {[%emt 0:00:30]} Rd7+ {[%emt 0:00:30]} 31. Kc2 {[%emt 0:00:30]} Rd6 {[%emt 0:00:30]} 32. f5 {[%emt 0:00:30]} gxf5 {[%emt 0:01:24]} 33. exf5 {[%emt 0:00:00]} Rd5 {[%emt 0:00:55]} 34. Rxd5 {[%emt 0:18:00]} Kxd5 {[%emt 0:00:05]} 35. a4 {[%emt 0:00:00]} bxa4 {[%emt 0:04:10]} 36. Kb2 {[%emt 0:00:00]} Ke5 {[%emt 0:01:05]} 37. Ka3 {[%emt 0:00:00]} Kxf5 {[%emt 0:00:13]} 38. Kb4 {[%emt 0:00:00]} a3 {[%emt 0:00:29]} 0-1

[Event "Istanbul Open 2018"]
[Site "Istanbul"]
[Date "2018.09.07"]
[Round "8"]
[White "Topsir, Furkan"]
[Black "Bayramov, Araz"]
[Result "1-0"]
[WhiteElo "1550"]
[BlackElo "1750"]
[Annotator "NA"]
[PlyCount "83"]
[EventDate "2018.09.02"]
[EventType "swiss"]
[EventCountry "TUR"]
[SourceTitle "playchess.com"]
[Source "ChessBase"]
[SourceQuality "1"]
[TimeControl "5400+30"]

1. e4 d5 2. exd5 Qxd5 3. Nc3 Qa5 4. d4 Nf6 5. Nf3 Bg4 6. Be2 Nc6 7. Bb5 Nd5 8. Bxc6+ bxc6 9. Bd2 Nxc3 10. Bxc3 Qd5 11. Qd3 Bxf3 12. Qxf3 Qxf3 13. gxf3 e6 14. Rg1 O-O-O 15. O-O-O Rd5 16. Rg4 g6 17. Kb1 Bg7 18. Rf4 Rd7 {[%emt 0:36:00]} 19. Rd3 {[%emt 1:38:26]} Rhd8 {[%emt 0:00:30]} 20. b4 {[%emt 0:00:30]} Rf8 {[%emt 0:00:30]} 21. Kb2 {[%emt 0:00:30]} Rd5 {[%emt 0:00:30]} 22. Kb3 {[%emt 0:00:30]} Rh5 {[%emt 0:00:30]} 23. h4 {[%emt 0:00:30]} Bh6 {[%emt 0:00:30]} 24. Re4 {[%emt 0:00:30]} Bg7 {[%emt 0:00:30]} 25. Rf4 {[%emt 0:00:30]} f5 {[%emt 0:00:30]} 26. d5 {[%emt 0:00:30]} Bh6 {[%emt 0:00:30]} 27. Rc4 {[%emt 0:00:30]} cxd5 {[%emt 0:05:30]} 28. Rc6 {[%emt 0:00:05]} Re8 {[%emt 0:03:30]} 29. Be5 {[%emt 0:00:13]} f4 {[%emt 0:27:30]} 30. Rxc7+ {[%emt 0:00:16]} Kd8 {[%emt 0:01:30]} 31. Rxh7 {[%emt 0:00:51]} Rxe5 {[%emt 0:04:30]} 32. Rxh6 {[%emt 0:00:43]} Re7 {[%emt 0:00:00]} 33. Rxg6 {[%emt 0:00:14]} Rh5 {[%emt 0:02:00]} 34. Rg4 {[%emt 0:00:27]} Rf7 {[%emt 0:00:30]} 35. Rd4 {[%emt 0:00:48]} Rhf5 {[%emt 0:00:30]} 36. c4 {[%emt 0:00:31]} Kc7 {[%emt 0:00:00]} 37. cxd5 {[%emt 0:00:11]} exd5 {[%emt 0:00:00]} 38. Rg5 {[%emt 0:01:26]} Kd6 {[%emt 0:00:30]} 39. Rg6+ {[%emt 0:00:26]} Ke5 {[%emt 0:02:30]} 40. Rd1 {[%emt 0:00:13]} Rh7 {[%emt 0:00:00]} 41. Re1+ {[%emt 0:01:04]} Kd4 {[%emt 0:00:00]} 42. Rge6 {[%emt 0:00:19]} 1-0